[Event "Karl Mala Memorial op 09th"]
[Site "Frankfurt"]
[Date "2005.07.31"]
[Round "7"]
[White "Soppa, Christoph"]
[Black "Becker, Maja"]
[Result "0-1"]
[WhiteElo "1528"]
[BlackElo "2015"]
[PlyCount "46"]
[EventDate "2005.07.28"]
[EventType "swiss"]
[EventRounds "7"]
[EventCountry "GER"]
[SourceTitle "EXT 2006"]
[Source "ChessBase"]
[SourceDate "2005.11.24"]
[SourceVersion "1"]
[SourceVersionDate "2005.11.24"]
[SourceQuality "1"]

1. d4 f5 2. c4 Nf6 3. Nc3 e6 4. Nf3 c6 5. a3 d5 6. e3 Bd6 7. c5 Bc7 8. b4 a6 9. Be2 0-0 10. 0-0 Nbd7 11. h3 Ne4 12. Nxe4 fxe4 13. Nh2 e5 14. Bb2 Qg5 15. dxe5 Nxe5 16. Bg4 Nxg4 17. Nxg4 h5 18. Nh2 Bxh3 19. g3 Bxg3 20. Kh1 Bxh2 21. Rg1 Bxg1 22. Qxg1 Qxg1+ 23. Rxg1 Rf7 0-1

[Event "Karl Mala Memorial op 09th"]
[Site "Frankfurt"]
[Date "2005.07.28"]
[Round "1"]
[White "Becker, Maja"]
[Black "Haub, Thorsten Michael"]
[Result "0-1"]
[WhiteElo "2015"]
[BlackElo "2446"]
[PlyCount "72"]
[EventDate "2005.07.28"]
[EventType "swiss"]
[EventRounds "7"]
[EventCountry "GER"]
[SourceTitle "EXT 2006"]
[Source "ChessBase"]
[SourceDate "2005.11.24"]
[SourceVersion "1"]
[SourceVersionDate "2005.11.24"]
[SourceQuality "1"]

1. Nc3 g6 2. d3 Bg7 3. Bd2 a6 4. g3 d6 5. Bg2 c5 6. Qc1 e6 7. Nf3 Qc7 8. 0-0 Nc6 9. Nd1 h6 10. a4 b6 11. c3 Nge7 12. Rb1 Bb7 13. b4 cxb4 14. cxb4 Qd7 15. Bc3 e5 16. Ne3 b5 17. Qb2 0-0 18. d4 e4 19. d5 Bxc3 20. Qxc3 exf3 21. dxc6 Bxc6 22. Bxf3 Bxf3 23. exf3 bxa4 24. Ng4 Nd5 25. Qd4 h5 26. Qxd5 hxg4 27. fxg4 Rab8 28. Rfd1 Rfd8 29. Qc4 Rb5 30. Rd4 Rdb8 31. Qa2 R5b6 32. h3 a5 33. b5 Rxb5 34. Rxb5 Rxb5 35. Rxa4 Qb7 36. f3 Rb1+ 0-1